000 00799nam a22002297a 4500
005 20160404142224.0
010 _a1516ENO7 ENG-114775
020 _a9789350717370
_c375.00
035 _aEN-98307
035 _aB-607265-273
037 _adpl
_bVariety/Ven
037 _bDBAD/PUB
082 _a336.2714
100 _aDatey, V.S.
245 _aTaxmann's all about GST /
_cby V.S.Datey
250 _a2nd ed
260 _aNew Delhi
_bTaxmann Publications
_c2015
270 _a59/32,New Rohtak Road,
_bNew Delhi
_e110005
_k+91-11-45562222
_l-
_m-
300 _aI-12,292p.
_c24cm(pbk)
942 _2ddc
_cEN
_mDAT
_h336.2714
999 _c95831
_d95831